| 000 | 01452cam a22002174a 4500 | ||
|---|---|---|---|
| 005 | 20250605164055.0 | ||
| 008 | 250528s ||||||||||||||||||||||||d | ||
| 035 | _a17430 | ||
| 020 | _a9603514578 | ||
| 040 |
_aGR-AtMCL _bgre _dGR-AtMCL _eAACR2 |
||
| 245 | 1 | _aΠωλήσεις Μάρκετινγκ / Δύο Κρίκοι της Ίδιας Αλυσίδας Γ' Έκδοση | |
| 250 | _a3η | ||
| 260 |
_bΣταμούλης, _c2003 |
||
| 300 | _a168 | ||
| 505 | 0 | _aΠρόλογος, Εισαγωγή, Το Μάρκετινγκ, Προσωπική Πώληση, Ο Προγραμματισμός των Πωλήσεων, Η Πώληση, Η Επίσκεψη, Η Τέλεια Παρουσίαση, Αντιρρήσεις, Επικοινωνία στην Πώληση, Κριτήρια Αξιολόγησης, Παράπονα, Διαπραγμάτευση, Επίλογος, Βιβλιογραφία. | |
| 520 | _aΠρόλογος, Εισαγωγή, Το Μάρκετινγκ, Προσωπική Πώληση, Ο Προγραμματισμός των Πωλήσεων, Η Πώληση, Η Επίσκεψη, Η Τέλεια Παρουσίαση, Αντιρρήσεις, Επικοινωνία στην Πώληση, Κριτήρια Αξιολόγησης, Παράπονα, Διαπραγμάτευση, Επίλογος, Βιβλιογραφία. | ||
| 700 | 1 |
_aΒελτράς Ν. Ε. _93587 |
|
| 942 | _cBK | ||
| 999 |
_c2851 _d2851 |
||